[Event "Campeonato de España sub-18 2011"]
[Site "Padron ESP"]
[Date "2011.07.25"]
[Round "2.8"]
[White "Ladron De Guevara Pinto, Paolo"]
[Black "Galan Martin, Alejandro"]
[Result "1-0"]
[WhiteElo "2269"]
[BlackElo "2018"]
[PlyCount "151"]
[EventDate "2011.07.25"]
[EventType "swiss"]
[EventRounds "9"]
[EventCountry "ESP"]
[Source "lmi"]
[SourceDate "2011.07.25"]

1. e4 e6 2. d4 d5 3. Nd2 Nf6 4. e5 Nfd7 5. Bd3 c5 6. c3 Nc6 7. Ne2 cxd4 8. cxd4
f6 9. exf6 Nxf6 10. O-O Bd6 11. f4 O-O 12. Nf3 Qb6 13. Kh1 Bd7 14. Nc3 Rac8 15.
g3 Kh8 16. a3 Na5 17. Bc2 Qc7 18. Re1 Rce8 19. Qd3 Qc4 20. Qd1 a6 21. Ne5 Qc7
22. Kg1 Rc8 23. Nxd7 Qxd7 24. Qd3 Rfe8 25. b3 Bb8 26. Bd2 Nc6 27. Be3 Qc7 28.
Rac1 Nb4 29. axb4 Qxc3 30. b5 Qxd3 31. Bxd3 Rxc1 32. Rxc1 axb5 33. Bxb5 Rd8 34.
Kf1 Kg8 35. Ke2 Ne4 36. Bd3 Nd6 37. Kd2 g6 38. h4 Rc8 39. Rh1 Bc7 40. Ra1 Bb6
41. g4 Kg7 42. Bf2 Rc6 43. Ke3 Rc3 44. Rb1 Ne4 45. Be1 Rc8 46. Bxe4 dxe4 47.
Kxe4 Rc2 48. Rd1 Rg2 49. g5 Kf7 50. Bb4 Re2+ 51. Kd3 Rh2 52. Rc1 Rxh4 53. Bd6
Rh3+ 54. Kc4 h6 55. gxh6 Rxh6 56. Be5 Rh2 57. Kb5 Bd8 58. Rc8 Be7 59. Rc7 Ke8
60. f5 Rb2 61. fxe6 Rxb3+ 62. Kc4 Rb1 63. Rc8+ Bd8 64. Bf4 Rb2 65. Kc3 Rg2 66.
Bc7 Ke7 67. Rxd8 Kxe6 68. Be5 g5 69. Rb8 g4 70. Rxb7 Rg1 71. Rg7 Kd5 72. Kd3
Rb1 73. Rd7+ Ke6 74. Rd6+ Kf5 75. Rf6+ Kg5 76. Rf8 1-0

[Event "Campeonato de España sub-18 2011"]
[Site "Padron ESP"]
[Date "2011.07.25"]
[Round "2.9"]
[White "Medarde Santiago, Luis Marcos"]
[Black "Cruz Lledo, Pablo"]
[Result "0-1"]
[WhiteElo "2018"]
[BlackElo "2269"]
[PlyCount "120"]
[EventDate "2011.07.25"]
[EventType "swiss"]
[EventRounds "9"]
[EventCountry "ESP"]
[Source "lmi"]
[SourceDate "2011.07.25"]

1. e4 c6 2. d4 d5 3. e5 Bf5 4. g4 Bd7 5. c4 e6 6. Nc3 Ne7 7. Nf3 c5 8. Bg5 cxd4
9. Nxd4 Qc7 10. Qe2 dxc4 11. f4 Ng6 12. f5 Nxe5 13. fxe6 fxe6 14. O-O-O Be7 15.
Bxe7 Kxe7 16. Re1 Nbc6 17. Ndb5 Qb8 18. Qf2 Rf8 19. Qc5+ Kf7 20. Nd6+ Kg8 21.
Rxe5 b6 22. Qe3 Qxd6 23. Re4 Na5 24. Rd4 Qc7 25. Bg2 Rad8 26. Rhd1 e5 27. Rd6
Bxg4 28. Nb5 Qe7 29. Rxd8 Rxd8 30. Bd5+ Kh8 31. Bf3 Rxd1+ 32. Bxd1 Bxd1 33. Qh3
h6 34. Kxd1 Qd8+ 35. Kc1 e4 36. Qe3 Qd3 37. Qxd3 cxd3 38. b3 Nc6 39. Kd2 Ne5
40. Nc3 Nf3+ 41. Ke3 Nxh2 42. Kxe4 g5 43. Kxd3 Kg7 44. Nb5 a5 45. Ke3 Ng4+ 46.
Ke2 Ne5 47. Kf2 h5 48. Kg3 Kg6 49. Nc7 h4+ 50. Kg2 Kf5 51. Nd5 b5 52. a4 bxa4
53. bxa4 Nd3 54. Ne3+ Ke4 55. Nc4 Nf4+ 56. Kh1 g4 57. Nd6+ Kf3 58. Nf5 h3 59.
Kh2 Ne2 60. Nh4+ Kf2 0-1

[Event "Campeonato de España sub-18 2011"]
[Site "Padron ESP"]
[Date "2011.07.25"]
[Round "2.10"]
[White "Martinez Ramirez, Erik"]
[Black "Jimenez Almeida, Luis David"]
[Result "1-0"]
[WhiteElo "2257"]
[BlackElo "1998"]
[PlyCount "55"]
[EventDate "2011.07.25"]
[EventType "swiss"]
[EventRounds "9"]
[EventCountry "ESP"]
[Source "lmi"]
[SourceDate "2011.07.25"]

1. e4 c5 2. Nf3 Nc6 3. d4 cxd4 4. Nxd4 Nf6 5. Nc3 e5 6. Ndb5 d6 7. Bg5 a6 8.
Na3 b5 9. Bxf6 gxf6 10. Nd5 Bg7 11. Bd3 Ne7 12. Nxe7 Qxe7 13. O-O f5 14. c4 b4
15. Nc2 a5 16. exf5 e4 17. Bxe4 Ra6 18. Re1 O-O 19. Rb1 Qg5 20. Qf3 Kh8 21. Ne3
Rg8 22. Nd5 Be5 23. Qe3 Qg7 24. Ne7 Bxh2+ 25. Kh1 Re8 26. Nxc8 d5 27. Kxh2 Rxe4
28. Qg3 1-0

[Event "Campeonato de España sub-18 2011"]
[Site "Padron ESP"]
[Date "2011.07.25"]
[Round "2.11"]
[White "Nicolas Zapata, Javier"]
[Black "Alcaraz Ortega, Javier"]
[Result "1/2-1/2"]
[WhiteElo "1982"]
[BlackElo "2248"]
[PlyCount "120"]
[EventDate "2011.07.25"]
[EventType "swiss"]
[EventRounds "9"]
[EventCountry "ESP"]
[Source "lmi"]
[SourceDate "2011.07.25"]

1. e4 c6 2. d4 d5 3. e5 Bf5 4. Nc3 a6 5. Nge2 Qc7 6. Ng3 Bd7 7. Bd3 e6 8. Nce2
c5 9. c3 Nc6 10. O-O f6 11. f4 O-O-O 12. Be3 h5 13. h3 h4 14. Nh1 Nh6 15. exf6
gxf6 16. dxc5 e5 17. fxe5 fxe5 18. b4 Bg7 19. a4 e4 20. Bc2 Be5 21. Bf4 Rdg8
22. Bxe5 Nxe5 23. Nf4 Nf3+ 24. Rxf3 exf3 25. Qxf3 Rf8 26. Rf1 Kb8 27. Qxd5 Bc6
28. Qd6 Qxd6 29. cxd6 Rf6 30. Ng6 Rxf1+ 31. Kxf1 Rd8 32. Nxh4 Rxd6 33. Ke2 Re6+
34. Kf2 Rf6+ 35. Nf3 Kc7 36. Ng3 Rf8 37. Ne4 Nf5 38. Nc5 Kd6 39. Be4 Bxe4 40.
Nxe4+ Kd5 41. Nc5 Kc4 42. Nxb7 Kxc3 43. b5 axb5 44. axb5 Kb4 45. Ke2 Kxb5 46.
g4 Ng3+ 47. Kf2 Ne4+ 48. Ke3 Re8 49. Kf4 Kb6 50. Ne5 Nf2 51. Nd6 Nxh3+ 52. Kg3
Rh8 53. Ndf7 Rh7 54. g5 Ng1 55. g6 Ne2+ 56. Kf3 Nd4+ 57. Ke4 Rh4+ 58. Kd5 Nf5
59. Ke6 Rf4 60. Nd6 Ng7+ 1/2-1/2

[Event "Campeonato de España sub-18 2011"]
[Site "Padron ESP"]
[Date "2011.07.25"]
[Round "2.12"]
[White "Garcia Salamero, Gabriel"]
[Black "Navia Martin, Sergio"]
[Result "1-0"]
[WhiteElo "2247"]
[BlackElo "1974"]
[PlyCount "45"]
[EventDate "2011.07.25"]
[EventType "swiss"]
[EventRounds "9"]
[EventCountry "ESP"]
[Source "lmi"]
[SourceDate "2011.07.25"]

1. e4 c5 2. Nf3 d6 3. d4 cxd4 4. Nxd4 Nf6 5. Nc3 a6 6. h3 e5 7. Nde2 Be7 8. g4
Be6 9. Bg2 Nbd7 10. a4 Nb6 11. Nd5 Bxd5 12. exd5 Rc8 13. O-O Qc7 14. c3 O-O 15.
b3 Nbd7 16. c4 h6 17. Ng3 Rfe8 18. Nf5 Bf8 19. Re1 e4 20. Be3 Nc5 21. Bd4 Nfd7
22. Ng3 Nd3 23. Rxe4 1-0

[Event "Campeonato de España sub-18 2011"]
[Site "Padron ESP"]
[Date "2011.07.25"]
[Round "2.13"]
[White "Perez-cuadrado Robles, Alejandro"]
[Black "Meneses Gonzalez, Kevin"]
[Result "1/2-1/2"]
[WhiteElo "1977"]
[BlackElo "2226"]
[PlyCount "65"]
[EventDate "2011.07.25"]
[EventType "swiss"]
[EventRounds "9"]
[EventCountry "ESP"]
[Source "lmi"]
[SourceDate "2011.07.25"]

1. e4 c5 2. d3 Nc6 3. g3 g6 4. Nc3 Bg7 5. Bd2 d6 6. Bg2 e6 7. Rb1 Rb8 8. a3
Nge7 9. f4 O-O 10. Nf3 Nd4 11. O-O b6 12. Ne2 Nxf3+ 13. Bxf3 Qd7 14. Bc3 d5 15.
Bxg7 Kxg7 16. Qe1 Bb7 17. h3 d4 18. g4 f5 19. Kh2 Kh8 20. Qh4 Qc7 21. Bh1 Rf7
22. Rf2 Rbf8 23. Rbf1 e5 24. fxe5 Qxe5+ 25. Qg3 Qxg3+ 26. Kxg3 Kg7 27. Nf4 Bc8
28. e5 Kh8 29. g5 Re8 30. Re2 Ng8 31. Rfe1 Bb7 32. Bxb7 Rxb7 33. Nd5 1/2-1/2

[Event "Campeonato de España sub-18 2011"]
[Site "Padron ESP"]
[Date "2011.07.25"]
[Round "2.14"]
[White "Sanchez Garcia, Julio"]
[Black "Rioboo De Larriva, Alvaro"]
[Result "0-1"]
[WhiteElo "1972"]
[BlackElo "2215"]
[PlyCount "54"]
[EventDate "2011.07.25"]
[EventType "swiss"]
[EventRounds "9"]
[EventCountry "ESP"]
[Source "lmi"]
[SourceDate "2011.07.25"]

1. d4 Nf6 2. c4 g6 3. Nc3 Bg7 4. e4 d6 5. Nf3 O-O 6. Be2 Na6 7. O-O e5 8. Re1
exd4 9. Nxd4 Nc5 10. f3 a5 11. b3 Nh5 12. Be3 f5 13. exf5 gxf5 14. Rc1 Be5 15.
Bf2 Qg5 16. Nd5 c6 17. Nb6 Nf4 18. Bg3 Ncd3 19. Kf1 Nxe1 20. Bxf4 Bxf4 21. Qxe1
Bxc1 22. Nxa8 Be3 23. Nc2 Bc5 24. h4 Qd8 25. f4 Bd7 26. Qg3+ Kh8 27. h5 Qf6 0-1

[Event "Campeonato de España sub-18 2011"]
[Site "Padron ESP"]
[Date "2011.07.25"]
[Round "2.15"]
[White "Gomez Dieguez, David"]
[Black "Jordan Martinez, Miguel"]
[Result "1/2-1/2"]
[WhiteElo "1968"]
[BlackElo "2189"]
[PlyCount "83"]
[EventDate "2011.07.25"]
[EventType "swiss"]
[EventRounds "9"]
[EventCountry "ESP"]
[Source "lmi"]
[SourceDate "2011.07.25"]

1. e4 e6 2. d4 d5 3. Nd2 Nf6 4. e5 Nfd7 5. Bd3 c5 6. c3 Nc6 7. Ne2 cxd4 8. cxd4
f6 9. exf6 Nxf6 10. Nf3 Bd6 11. O-O O-O 12. Bg5 h6 13. Bh4 g5 14. Bg3 Nh5 15.
Rc1 Nf4 16. Bb1 Qe7 17. Nxf4 Bxf4 18. Bxf4 Rxf4 19. g3 Rf6 20. Ne5 Bd7 21. Ng4
Raf8 22. Nxf6+ Qxf6 23. Qd3 Rf7 24. Qg6+ Qxg6 25. Bxg6 Rf6 26. Bh5 Nxd4 27. Rc7
Bc6 28. f4 Nb5 29. Rc8+ Kg7 30. fxg5 Rxf1+ 31. Kxf1 hxg5 32. h4 Nd6 33. Rc7+
Kf6 34. Be2 Nf5 35. h5 Nxg3+ 36. Kf2 Nf5 37. Bd3 Nh6 38. Rh7 Nf7 39. Bg6 Ne5
40. Bb1 Nf7 41. Bg6 Ne5 42. Bb1 1/2-1/2

[Event "Campeonato de España sub-18 2011"]
[Site "Padron ESP"]
[Date "2011.07.25"]
[Round "2.16"]
[White "Baragaño Campa, David"]
[Black "Pablos Tenrero, Raquel"]
[Result "1-0"]
[WhiteElo "2188"]
[BlackElo "1971"]
[PlyCount "113"]
[EventDate "2011.07.25"]
[EventType "swiss"]
[EventRounds "9"]
[EventCountry "ESP"]
[Source "lmi"]
[SourceDate "2011.07.25"]

1. e4 e5 2. Nf3 Nc6 3. Bb5 a6 4. Ba4 Nge7 5. Nc3 g6 6. d4 exd4 7. Nd5 Nxd5 8.
exd5 Qe7+ 9. Kf1 Ne5 10. Bg5 f6 11. Qxd4 b5 12. Nxe5 fxe5 13. Bxe7 exd4 14. Bf6
Rg8 15. Bb3 d6 16. Bxd4 Bg7 17. Bxg7 Rxg7 18. Re1+ Kd7 19. Ke2 Rf7 20. f3 Bb7
21. Kd3 Rf5 22. Kd4 Raf8 23. c4 Rg5 24. Rhg1 bxc4 25. Bxc4 Rf4+ 26. Re4 Rxf3
27. h4 Rgg3 28. Rge1 Rf7 29. R1e2 g5 30. Bb3 Rf4 31. Ba4+ c6 32. Rxf4 gxf4 33.
Rc2 Ba8 34. dxc6+ Kc7 35. Re2 Kb6 36. Rc2 Kc7 37. Bb3 Rg4 38. Kd3 Rxh4 39. Bd5
Rh5 40. Kd4 Rg5 41. b4 Rg4 42. Bf3 Rg5 43. a4 Re5 44. Rb2 Re8 45. b5 axb5 46.
axb5 Kb6 47. Kd5 Rd8 48. Ke6 Rg8 49. Kxd6 Rc8 50. Bg4 Rg8 51. Be6 Rd8+ 52. Bd7
Rg8 53. Ke5 Rf8 54. Rf2 Rg8 55. Kxf4 Rf8+ 56. Ke3 Rg8 57. g4 1-0

[Event "Campeonato de España sub-18 2011"]
[Site "Padron ESP"]
[Date "2011.07.26"]
[Round "3.1"]
[White "Arribas Lopez, Angel"]
[Black "Garcia Salamero, Gabriel"]
[Result "1-0"]
[WhiteElo "2443"]
[BlackElo "2247"]
[PlyCount "39"]
[EventDate "2011.07.25"]
[EventType "swiss"]
[EventRounds "9"]
[EventCountry "ESP"]
[Source "lmi"]
[SourceDate "2011.07.25"]

1. e4 e5 2. f4 exf4 3. Nf3 Ne7 4. d4 d5 5. Nc3 dxe4 6. Nxe4 Ng6 7. h4 Be7 8. h5
Nh4 9. Bxf4 Bg4 10. h6 Bxf3 11. hxg7 Rg8 12. gxf3 Rxg7 13. Qe2 Rg6 14. O-O-O
Kf8 15. Qf2 Nd7 16. Bc4 Nb6 17. Bb3 Nd5 18. Bg3 Nf5 19. Rxh7 Nxg3 20. Rh8+ 1-0

[Event "Campeonato de España sub-18 2011"]
[Site "Padron ESP"]
[Date "2011.07.26"]
[Round "3.2"]
[White "Rioboo De Larriva, Alvaro"]
[Black "Forcen Esteban, Daniel"]
[Result "1/2-1/2"]
[WhiteElo "2215"]
[BlackElo "2441"]
[PlyCount "67"]
[EventDate "2011.07.25"]
[EventType "swiss"]
[EventRounds "9"]
[EventCountry "ESP"]
[Source "lmi"]
[SourceDate "2011.07.25"]

1. e4 c5 2. c3 Nf6 3. e5 Nd5 4. Nf3 d6 5. d4 cxd4 6. Bc4 e6 7. exd6 Nb6 8. Bb5+
Bd7 9. Nxd4 Bxd6 10. Qf3 a6 11. Bxd7+ Qxd7 12. O-O Qc7 13. h3 N8d7 14. Nd2 Nd5
15. Re1 Ne5 16. Qe4 O-O 17. N2f3 Nf6 18. Qe2 Ng6 19. Bg5 Nf4 20. Bxf4 Bxf4 21.
Rad1 Rad8 22. g3 Bd6 23. Ne5 Bc5 24. Ndf3 h6 25. Kg2 b5 26. a4 Qb7 27. axb5
axb5 28. Rxd8 Rxd8 29. Rd1 Rxd1 30. Qxd1 Ne4 31. Qd8+ Kh7 32. Qe8 Bxf2 33. Nxf7
Bxg3 34. Qxe6 1/2-1/2

[Event "Campeonato de España sub-18 2011"]
[Site "Padron ESP"]
[Date "2011.07.26"]
[Round "3.3"]
[White "Pardo Simon, David"]
[Black "Baragaño Campa, David"]
[Result "1-0"]
[WhiteElo "2388"]
[BlackElo "2188"]
[PlyCount "77"]
[EventDate "2011.07.25"]
[EventType "swiss"]
[EventRounds "9"]
[EventCountry "ESP"]
[Source "lmi"]
[SourceDate "2011.07.25"]

1. c4 e6 2. b3 Nf6 3. Nf3 Be7 4. g3 d5 5. Bg2 c5 6. Bb2 O-O 7. O-O Nc6 8. d3 b6
9. a3 Bb7 10. Nbd2 Qc7 11. Qc2 Rac8 12. e3 Rfd8 13. Rad1 a6 14. Rfe1 h6 15. Nb1
Rd7 16. Nc3 dxc4 17. bxc4 Rcd8 18. Re2 Na5 19. Red2 Bc6 20. Ne2 Bxf3 21. Bxf3
b5 22. cxb5 axb5 23. Nc3 b4 24. Nb5 Qb6 25. axb4 cxb4 26. Nd4 b3 27. Qb1 Bb4
28. Re2 e5 29. Nxb3 Nxb3 30. Bxe5 Ba3 31. Ra2 Qb4 32. Bxf6 gxf6 33. d4 Rb8 34.
Qf5 Qd6 35. Rxa3 Rc7 36. Ra8 Rxa8 37. Bxa8 Qa6 38. Be4 Qe2 39. Qf3 1-0

[Event "Campeonato de España sub-18 2011"]
[Site "Padron ESP"]
[Date "2011.07.26"]
[Round "3.4"]
[White "Alvarado Diaz, Alejandro"]
[Black "Coll Ortega, Jordi"]
[Result "0-1"]
[WhiteElo "2181"]
[BlackElo "2303"]
[PlyCount "78"]
[EventDate "2011.07.25"]
[EventType "swiss"]
[EventRounds "9"]
[EventCountry "ESP"]
[Source "lmi"]
[SourceDate "2011.07.25"]

1. Nf3 d5 2. g3 Nf6 3. Bg2 g6 4. O-O Bg7 5. d3 c5 6. Nbd2 O-O 7. e4 e6 8. c3
Nc6 9. Re1 a5 10. Qc2 a4 11. Nf1 e5 12. exd5 Nxd5 13. Ne3 Be6 14. h4 h6 15. Nh2
f5 16. Nhf1 b5 17. Bh3 Nc7 18. Bg2 Qd6 19. Qe2 Rad8 20. Nc2 Bd5 21. Bh3 f4 22.
d4 f3 23. Qd1 Bc4 24. Na3 Be2 25. Rxe2 fxe2 26. Qxe2 cxd4 27. cxd4 Nxd4 28. Qe4
Na6 29. Be3 Nc5 30. Qg2 Nd3 31. Rb1 Nf3+ 32. Kh1 Nde1 33. Rxe1 Nxe1 34. Qe4 b4
35. Nc4 Qd3 36. Qc6 Kh8 37. Nb6 Nc2 38. Bc5 Nd4 39. Qg2 Rf7 0-1

[Event "Campeonato de España sub-18 2011"]
[Site "Padron ESP"]
[Date "2011.07.26"]
[Round "3.5"]
[White "Fernandez Garcia, Jose Miguel"]
[Black "Vazquez Torres, Adrián"]
[Result "1-0"]
[WhiteElo "2285"]
[BlackElo "2140"]
[PlyCount "59"]
[EventDate "2011.07.25"]
[EventType "swiss"]
[EventRounds "9"]
[EventCountry "ESP"]
[Source "lmi"]
[SourceDate "2011.07.25"]

1. e4 e6 2. d4 d5 3. Nc3 dxe4 4. Nxe4 Nf6 5. Bd3 Bd7 6. Nf3 Bc6 7. Ng3 Be7 8.
O-O Nbd7 9. c4 Nb6 10. Ne5 Ba4 11. Qd2 Qxd4 12. Nxf7 Rf8 13. Ne2 Qh4 14. Ne5
O-O-O 15. Qe3 Nfd7 16. Nxd7 Rxd7 17. Be4 Bg5 18. f4 Bf6 19. Qf3 c5 20. g3 Qh3
21. f5 Bd1 22. Be3 Bxe2 23. Qxe2 Rd4 24. Bxd4 Bxd4+ 25. Kh1 e5 26. f6 Rxf6 27.
Rxf6 gxf6 28. Qf3 Nd7 29. Bf5 Qh6 30. Qg4 1-0

[Event "Campeonato de España sub-18 2011"]
[Site "Padron ESP"]
[Date "2011.07.26"]
[Round "3.6"]
[White "Navarro Molina, David"]
[Black "Colon Garcia, Enrique"]
[Result "0-1"]
[WhiteElo "2161"]
[BlackElo "2276"]
[PlyCount "68"]
[EventDate "2011.07.25"]
[EventType "swiss"]
[EventRounds "9"]
[EventCountry "ESP"]
[Source "lmi"]
[SourceDate "2011.07.25"]

1. d4 Nf6 2. Nf3 e6 3. c4 b6 4. g3 Bb4+ 5. Bd2 Be7 6. Bg2 c6 7. O-O d5 8. Nc3
O-O 9. Bg5 Ba6 10. Ne5 h6 11. Bf4 Nfd7 12. cxd5 cxd5 13. Nxd5 exd5 14. Bxd5
Nxe5 15. Bxa8 Ng6 16. Be3 f5 17. Bg2 f4 18. Bc1 Bd6 19. Bd2 Kh8 20. Bc3 Nh4 21.
Be4 Qe7 22. Qc2 Nd7 23. Rfe1 Nf6 24. Bd3 fxg3 25. hxg3 Bxg3 26. Rf1 Ng4 27.
fxg3 Qe3+ 28. Kh1 Bb7+ 29. Rf3 Rxf3 30. d5 Rf2 31. Bxg7+ Kxg7 32. Qc7+ Rf7 33.
Qc3+ Kg8 34. Qc4 Qxg3 0-1

[Event "Campeonato de España sub-18 2011"]
[Site "Padron ESP"]
[Date "2011.07.26"]
[Round "3.7"]
[White "Pruja Ramirez De Cartagena, Marc"]
[Black "Molina Rodriguez, Borja"]
[Result "1-0"]
[WhiteElo "2269"]
[BlackElo "2131"]
[PlyCount "73"]
[EventDate "2011.07.25"]
[EventType "swiss"]
[EventRounds "9"]
[EventCountry "ESP"]
[Source "lmi"]
[SourceDate "2011.07.25"]

1. e4 c5 2. Nf3 Nc6 3. d4 cxd4 4. Nxd4 Nf6 5. Nc3 e5 6. Ndb5 d6 7. Nd5 Nxd5 8.
exd5 Nb8 9. a4 a6 10. Na3 Be7 11. Be2 O-O 12. O-O f5 13. f4 Nd7 14. Nc4 b6 15.
Be3 Rb8 16. a5 b5 17. Nb6 Nxb6 18. Bxb6 Rxb6 19. axb6 Qxb6+ 20. Kh1 e4 21. Qd2
Bb7 22. g4 Rc8 23. Rad1 Bf6 24. c3 Rc5 25. Qe3 Qc7 26. gxf5 Bxd5 27. Rxd5 Rxd5
28. Qxe4 Qf7 29. Bh5 Qxh5 30. Qxd5+ Kf8 31. Qxd6+ Be7 32. Qxa6 Qxf5 33. Qa8+
Kf7 34. Qf3 Bd6 35. b3 h6 36. c4 bxc4 37. bxc4 1-0

[Event "Campeonato de España sub-18 2011"]
[Site "Padron ESP"]
[Date "2011.07.26"]
[Round "3.8"]
[White "Beltran De Heredia E, Miguel A"]
[Black "Ladron De Guevara Pinto, Paolo"]
[Result "0-1"]
[WhiteElo "2127"]
[BlackElo "2269"]
[PlyCount "190"]
[EventDate "2011.07.25"]
[EventType "swiss"]
[EventRounds "9"]
[EventCountry "ESP"]
[Source "lmi"]
[SourceDate "2011.07.25"]

1. e4 e6 2. d4 d5 3. Nd2 Nf6 4. e5 Nfd7 5. Bd3 c5 6. c3 Nc6 7. Ne2 cxd4 8. cxd4
f6 9. exf6 Nxf6 10. O-O Bd6 11. Nf3 Qc7 12. Bg5 O-O 13. Bh4 Nh5 14. Qc2 h6 15.
Bg6 Rxf3 16. gxf3 Bxh2+ 17. Kh1 Nf4 18. Ng3 Qb6 19. Rad1 Nxd4 20. Qa4 Nxg6 21.
Qe8+ Kh7 22. Bf6 Bxg3 23. Bxd4 Qd6 24. Rg1 Qd7 25. Qxd7 Bxd7 26. fxg3 e5 27.
Bf2 Bc6 28. Kg2 a6 29. Bc5 Re8 30. Rge1 e4 31. Bd4 Ne7 32. g4 Ng6 33. Kg3 Ne5
34. Bxe5 Rxe5 35. f4 Re7 36. Re3 Kg6 37. Rd4 Kf6 38. Rc3 Rf7 39. Kf2 g5 40. f5
Ke5 41. Ke3 h5 42. Rc5 hxg4 43. b4 Rxf5 44. Rxe4+ Kf6 45. Rxg4 Re5+ 46. Kd4 Re1
47. Rc3 Bd7 48. Rgg3 Re4+ 49. Kxd5 Rxb4 50. Rcf3+ Kg6 51. Rb3 Bc6+ 52. Ke5 Re4+
53. Kd6 g4 54. Rb1 Kg5 55. Rc3 Rd4+ 56. Ke5 Rd5+ 57. Ke6 Rd2 58. a3 Re2+ 59.
Kd6 Kh4 60. Rb4 Rg2 61. a4 Rg3 62. Rcc4 Kh3 63. Ke5 Re3+ 64. Kf4 Rf3+ 65. Kg5
g3 66. Rb2 Rf2 67. Rh4+ Kg2 68. Rb3 Rf3 69. Rb2+ Kg1 70. Kg4 g2 71. Rb1+ Rf1
72. Rb2 Re1 73. Kg3 Re3+ 74. Kf4 Re4+ 75. Kg3 Re3+ 76. Kf4 Rf3+ 77. Kg4 Ra3 78.
Rb1+ Kf2 79. Rb2+ Ke3 80. Rh3+ Kd4 81. Rd2+ Kc4 82. Rc2+ Kb4 83. Rb2+ Kxa4 84.
Rxa3+ Kxa3 85. Rb1 Bb5 86. Kg3 Ka2 87. Rc1 Bf1 88. Kf2 b5 89. Rc2+ Ka3 90. Rc3+
Ka4 91. Rg3 b4 92. Ke1 b3 93. Kd2 Ka3 94. Kc3 b2 95. Rg5 Bb5 0-1

[Event "Campeonato de España sub-18 2011"]
[Site "Padron ESP"]
[Date "2011.07.26"]
[Round "3.9"]
[White "Cruz Lledo, Pablo"]
[Black "Vila Gonzalez, Daniel"]
[Result "1-0"]
[WhiteElo "2269"]
[BlackElo "2104"]
[PlyCount "87"]
[EventDate "2011.07.25"]
[EventType "swiss"]
[EventRounds "9"]
[EventCountry "ESP"]
[Source "lmi"]
[SourceDate "2011.07.25"]

1. d4 d5 2. c4 c6 3. Nf3 Nf6 4. Nc3 e6 5. Qb3 dxc4 6. Qxc4 b5 7. Qd3 Nbd7 8.
Bg5 Bb7 9. e4 b4 10. Na4 Qa5 11. b3 c5 12. Bxf6 gxf6 13. d5 O-O-O 14. Nd2 Ne5
15. Qh3 Kb8 16. f4 Ng6 17. f5 Ne5 18. fxe6 fxe6 19. Qxe6 Bh6 20. O-O-O c4 21.
Kb1 c3 22. Nc4 Nxc4 23. Bxc4 Bg5 24. h4 Rhe8 25. Qf5 Bd2 26. Bd3 Ba6 27. Qf1
Rc8 28. Kc2 Bxd3+ 29. Qxd3 Re5 30. Rhf1 Rce8 31. Rxf6 Rxe4 32. Ra6 Qc7 33. Qb5+
Qb7 34. Qxb7+ Kxb7 35. Nc5+ Kb8 36. Nxe4 Rxe4 37. Re6 Rxh4 38. Rf1 Rf4 39. Rxf4
Bxf4 40. Re8+ Kc7 41. Re7+ Kd6 42. Rxh7 Kxd5 43. Rxa7 Ke4 44. Ra4 1-0

[Event "Campeonato de España sub-18 2011"]
[Site "Padron ESP"]
[Date "2011.07.26"]
[Round "3.10"]
[White "Rodriguez Ferraz, Borja"]
[Black "Martinez Ramirez, Erik"]
[Result "1-0"]
[WhiteElo "2125"]
[BlackElo "2257"]
[PlyCount "91"]
[EventDate "2011.07.25"]
[EventType "swiss"]
[EventRounds "9"]
[EventCountry "ESP"]
[Source "lmi"]
[SourceDate "2011.07.25"]

1. d4 Nf6 2. c4 e6 3. Nc3 Bb4 4. Qc2 O-O 5. a3 Bxc3+ 6. Qxc3 d5 7. e3 b6 8. Nf3
Ba6 9. b3 Nbd7 10. Bd3 c5 11. Bb2 Rc8 12. Nd2 cxd4 13. exd4 dxc4 14. bxc4 e5
15. O-O exd4 16. Qxd4 Nc5 17. Bf5 Qxd4 18. Bxd4 Rcd8 19. Be3 Rfe8 20. Rfd1 g6
21. Bh3 Kg7 22. Rac1 Rd3 23. g3 Red8 24. Bf1 R3d7 25. Bh3 Rd6 26. Bf4 Rd3 27.
Bf1 Rxa3 28. Nb1 Rxd1 29. Rxd1 Ra4 30. Nc3 Ra3 31. Be5 Bb7 32. Rd6 Ne6 33. Nd5
Bxd5 34. cxd5 Ra5 35. f4 g5 36. dxe6 gxf4 37. gxf4 Kf8 38. Bxf6 fxe6 39. Rxe6
Ra4 40. Be5 Kf7 41. Rc6 h5 42. Be2 h4 43. Bh5+ Ke7 44. Bg4 b5 45. Rc7+ Kd8 46.
Bd6 1-0

[Event "Campeonato de España sub-18 2011"]
[Site "Padron ESP"]
[Date "2011.07.26"]
[Round "3.11"]
[White "Alcaraz Ortega, Javier"]
[Black "Mercado Larrea, Adrian"]
[Result "1-0"]
[WhiteElo "2248"]
[BlackElo "1782"]
[PlyCount "71"]
[EventDate "2011.07.25"]
[EventType "swiss"]
[EventRounds "9"]
[EventCountry "ESP"]
[Source "lmi"]
[SourceDate "2011.07.25"]

1. d4 d5 2. Nf3 Nf6 3. c4 c6 4. Nc3 dxc4 5. a4 Bf5 6. e3 e6 7. Bxc4 Bb4 8. O-O
O-O 9. Qe2 Ne4 10. Bd3 Nxc3 11. bxc3 Be7 12. Bxf5 exf5 13. Ba3 Re8 14. Rfb1 b6
15. Ne5 Bxa3 16. Rxa3 Qe7 17. Qa2 Qe6 18. Qxe6 fxe6 19. c4 Re7 20. a5 bxa5 21.
Rxa5 Rc7 22. c5 Kf8 23. Rba1 Ke7 24. Nc4 a6 25. Kf1 Rb7 26. Nb6 Raa7 27. Nc8+
Kd7 28. Nxa7 Rxa7 29. Rb1 Kc7 30. Ke2 Rb7 31. Rxb7+ Kxb7 32. f3 Nd7 33. Ra1 e5
34. Kd3 exd4 35. Kxd4 Kc7 36. Rxa6 1-0

[Event "Campeonato de España sub-18 2011"]
[Site "Padron ESP"]
[Date "2011.07.26"]
[Round "3.12"]
[White "Meneses Gonzalez, Kevin"]
[Black "Salido Polo, Veronica"]
[Result "1-0"]
[WhiteElo "2226"]
[BlackElo "1992"]
[PlyCount "79"]
[EventDate "2011.07.25"]
[EventType "swiss"]
[EventRounds "9"]
[EventCountry "ESP"]
[Source "lmi"]
[SourceDate "2011.07.25"]

1. e4 c5 2. Nf3 Nc6 3. d4 cxd4 4. Nxd4 Nf6 5. Nc3 e5 6. Ndb5 d6 7. Bg5 a6 8.
Na3 b5 9. Bxf6 gxf6 10. Nd5 Be6 11. c3 Bg7 12. Nc2 Ne7 13. Nce3 O-O 14. Bd3 Re8
15. Qf3 Bxd5 16. exd5 Qd7 17. O-O Ng6 18. Nf5 Kh8 19. Rfe1 Rg8 20. g3 Rae8 21.
Qe4 Bf8 22. Kh1 Be7 23. a4 Bd8 24. axb5 axb5 25. Ra6 Bc7 26. Rea1 Rb8 27. Ra7
Qd8 28. Nh6 Rg7 29. Nf5 Rg8 30. R1a6 Bb6 31. Rxf7 Ra8 32. Rxa8 Qxa8 33. Ne7 Qe8
34. Nxg6+ Rxg6 35. Rxf6 Qa8 36. Rxd6 Qa1+ 37. Kg2 Bxf2 38. Qxe5+ Kg8 39. Rd8+
Kf7 40. Bxg6+ 1-0

[Event "Campeonato de España sub-18 2011"]
[Site "Padron ESP"]
[Date "2011.07.26"]
[Round "3.13"]
[White "Perera Borrego, Mariela"]
[Black "Suarez Uriel, Adrián"]
[Result "1/2-1/2"]
[WhiteElo "2046"]
[BlackElo "2217"]
[PlyCount "72"]
[EventDate "2011.07.25"]
[EventType "swiss"]
[EventRounds "9"]
[EventCountry "ESP"]
[Source "lmi"]
[SourceDate "2011.07.25"]

1. d4 Nf6 2. Nf3 g6 3. g3 Bg7 4. Bg2 d5 5. O-O O-O 6. c4 dxc4 7. Na3 c3 8. bxc3
c5 9. e3 Ne4 10. Qc2 Nd6 11. Nd2 cxd4 12. cxd4 Nc6 13. Ndc4 Bf5 14. Qe2 Rc8 15.
Bb2 Nxc4 16. Nxc4 b5 17. Nd2 Qb6 18. Rfc1 Nb4 19. Be4 Bxe4 20. Nxe4 Nd5 21. Nc5
Rfd8 22. a4 b4 23. a5 Qb8 24. Rab1 e6 25. Ba3 Bf8 26. e4 Bxc5 27. dxc5 Qe5 28.
Bxb4 Nxb4 29. Rxb4 Rxc5 30. Rxc5 Qxc5 31. Rb5 Qc3 32. Kg2 Qc6 33. Rb4 Qc5 34.
Rb5 Qc7 35. a6 h5 36. Qf3 Rb8 1/2-1/2